• 首页
  • 本馆介绍
  • 公告通知
  • 最新文献
  • 馆藏检索
  • 电子资源
  • 读者导购
  • 参考咨询
  • 我的图书馆
  • 登录
  • 详细信息显示
  • 放入我的书架
  • 预约/预借图书
  • 作者相关作品
  • 分类相关作品
  • 丛书相关作品
  • 出版社相关作品

书目信息

  • 表格格式
  • 工作单格式
  • 卡片格式
题名:
落日残照
    
 
作者: 丁燕石 编
分册:  
出版信息: 北京   档案出版社  1988.2
页数: 197页
开本: 20cm
丛书名:
单 册:
中图分类: K252.06
科图分类:
主题词: 中国--历史--1840~1949
电子资源:
ISBN: 7-80019-165-6
000 00562nam0 2200193 45
001 0312221749
005 20040506152855.7
010    @dCNY2.20@a7-80019-165-6
100    @a20031222d1988 km y0chiy0120 ea
101    @achi
105    @a z 000yy
200 1  @a落日残照@ALuo Ri Can Zhao@f丁燕石编@FDing Yan Shi Bian@e溥仪与他的后妃近臣们
210    @a北京@c档案出版社@d1988.2
215    @a197页@d20cm
606 0  @a中国@x历史@z1840~1949
690    @aK252.06@v3
701 0  @a丁燕石@4编
801    @aCN@bTSTCL@c20031222
905    @dK252.06@e12@f2@b218588-589
    
    落日残照/丁燕石编:溥仪与他的后妃近臣们.-北京:档案出版社,1988.2
    197页;20cm
    
    
    ISBN 7-80019-165-6:CNY2.20
    
●
相关链接 在E读中查询图书 在五车中查询图书 在当当中查询图书 在豆瓣中查询图书


正题名:落日残照     索取号:K252.06/12         预约/预借

序号 登录号 条形码 馆藏地/架位号 状态 备注
1 0218588   000752885   第二借阅区/ [索取号:K252.06/12] 在馆    
2 0218589   000752812   第二借阅区/ [索取号:K252.06/12] 在馆    
3 0218590   202083315   第二样本阅览室/ [索取号:K252.06/12] 在馆    
唐山师范学院图书馆 欢迎您!
大连网信软件有限公司© 版权所有